| Tag |
First Indicator |
Second Indicator |
Subfields |
| LEADER |
00000cam a2200000La 4500 |
| 001 |
in00001582821 |
| 005 |
20220103182858.0 |
| 006 |
m u |
| 007 |
cr cn- |
| 008 |
001006s1998 inua s 001 0 eng d |
| 020 |
|
|
|a 0585106851 (electronic bk.)
|
| 035 |
|
|
|a (OCoLC)ocm44954971
|
| 040 |
|
|
|a N$T
|c N$T
|d OCL
|d OCLCQ
|d UtOrBLW
|
| 049 |
|
|
|a IICC
|
| 050 |
1 |
4 |
|a QA76.73.B3
|b P47268 1998eb
|
| 082 |
0 |
4 |
|a 005.26/8
|2 21
|
| 100 |
1 |
|
|a Perry, Greg M.
|0 http://id.loc.gov/authorities/names/n88014540
|
| 245 |
1 |
0 |
|a Sams teach yourself Visual Basic 6 in 21 days /
|c Greg Perry.
|
| 246 |
3 |
|
|a Teach yourself Visual Basic 6 in 21 days
|
| 246 |
3 |
|
|a Teach yourself Visual Basic Six in twenty-one days
|
| 246 |
3 |
|
|a Visual Basic 6 in 21 days
|
| 246 |
3 |
|
|a Visual Basic Six in twenty-one days
|
| 264 |
|
1 |
|a Indianapolis, Ind. :
|b Sams,
|c [1998]
|
| 264 |
|
4 |
|c ©1998
|
| 300 |
|
|
|a xvii, 851 pages :
|b illustrations ;
|c 23 cm.
|
| 336 |
|
|
|a text
|b txt
|2 rdacontent
|
| 337 |
|
|
|a computer
|b c
|2 rdamedia
|
| 338 |
|
|
|a online resource
|b cr
|2 rdacarrier
|
| 500 |
|
|
|a Includes index.
|
| 500 |
|
|
|a "Covers: Visual Basic 6; User level: Beginning-Intermediate"--P. [4] of cover.
|
| 533 |
|
|
|a Electronic reproduction.
|b Boulder, Colo. :
|c NetLibrary,
|d 2000.
|n Available via the World Wide Web.
|n Available in multiple electronic file formats.
|n Access may be limited to NetLibrary affiliated libraries.
|
| 500 |
|
|
|a Electronic resource.
|
| 630 |
0 |
0 |
|a Microsoft Visual Basic for Windows.
|0 http://id.loc.gov/authorities/names/n93017002
|
| 650 |
|
0 |
|a BASIC (Computer program language)
|0 http://id.loc.gov/authorities/subjects/sh85012076
|
| 650 |
|
7 |
|a Linguagens de programacao (basic)
|2 larpcal
|
| 655 |
|
7 |
|a Electronic books.
|2 local
|
| 710 |
2 |
|
|a NetLibrary, Inc.
|0 http://id.loc.gov/authorities/names/no99080690
|
| 710 |
2 |
|
|a Sams Publishing (Firm)
|0 http://id.loc.gov/authorities/names/n94116564
|
| 776 |
1 |
|
|c Original
|z 0672313103
|w (DLC) 98084132
|w (OCoLC)39844712
|
| 856 |
4 |
1 |
|u https://proxy.library.tamu.edu/login?url=http://www.netLibrary.com/urlapi.asp?action=summary&v=1&bookid=8200
|z Connect to the full text of this electronic book
|t 0
|
| 994 |
|
|
|a 92
|b IIC
|
| 999 |
|
|
|a MARS
|
| 999 |
f |
f |
|s 7f3a2e71-1d13-3a41-8557-01344d6eb4aa
|i ca5455b5-2e40-30ac-8c13-c31fd68598ae
|t 0
|
| 952 |
f |
f |
|a Texas A&M University
|b College Station
|c Electronic Resources
|d Available Online
|t 0
|e QA76.73.B3 P47268 1998eb
|h Library of Congress classification
|
| 998 |
f |
f |
|a QA76.73.B3 P47268 1998eb
|t 0
|l Available Online
|